000 00546nam a2200193Ia 4500
001 8150
003 GE_BSU
008 181216s||||||||xx |||||||||||||| ||und||
040 _cGE_BSU
245 _aГеография и природные ресурсы.№3. 2013
245 _bИюль
245 _cГл. ред. В.М.Плюснин. (ред.колл.)
260 _aИркутск
260 _bНео
260 _c2013.
300 _a196ст,27см.
653 _aГеография и природные ресурсы.
942 _cCR
999 _c41483
_d41483